Determinación de la eficiencia de remoción de nutrientes bajo condiciones establecidas en la combinación de biofiltros vertical - horizontal

Determinar las condiciones de operación óptimas en la remoción de nutrientes mediante la combinación de biofiltros de flujo vertical (BFV) en serie con un biofiltro de flujo horizontal (BFH) para la planta piloto construida en la villa Bosco Monge de la ciudad de Masaya. El estudio se efectuó e...

Full description

Bibliographic Details
Main Authors: Castro Soza, Arlen Nohemí, Montoya Medrano, Julieta
Other Authors: Tutor: Gauss, Martín
Format: Tesis Section = Libro
Language:Undetermined
Spanish
Published: Managua UNI 2004
Subjects:
LEADER 01444nam a2200253Ia 4500
008 240830s9999 xx 000 0 und d
040 |a BIBLIOTECA-RUSB/ Mon 628.3 C355 
041 |a spa 
082 |a Mon 628.3 C355 
100 1 |a Castro Soza, Arlen Nohemí  
100 1 |b  Montoya Medrano, Julieta 
245 1 0 |a Determinación de la eficiencia de remoción de nutrientes bajo condiciones establecidas en la combinación de biofiltros vertical - horizontal 
260 |a Managua  |b UNI  |c 2004 
300 |a 43 p. :il. 
500 |a Contiene: anexos. 
502 |a Tesis (Ingeniero Químico) - UNI, 2004. 
520 3 |a Determinar las condiciones de operación óptimas en la remoción de nutrientes mediante la combinación de biofiltros de flujo vertical (BFV) en serie con un biofiltro de flujo horizontal (BFH) para la planta piloto construida en la villa Bosco Monge de la ciudad de Masaya. El estudio se efectuó en tres diferentes fases en las se vaciaron las condiciones de operación, contemplándose la alimentación con un intervalo de tres horas a caudal de diseño, la recirculación al 30% del efluente y el aumento. 
650 7 |a TRATAMIENTO Y ELIMINACION DE AGUAS NEGRAS - REMOCION DE NUTIRENTES 
650 7 |b  BIOFILTROS - FLUJO HORIZONTAL 
650 7 |c  BIOFILTRO - FLUJO VERTICAL MECANISMOS DE REMOCION DE LOS CONTAMINANTES 
700 1 |a Tutor:  |b Gauss, Martín 
942 |c BK  |2 ddc 
991 |a TESIS 
999 |c 20462